[Event "Kandidatklassen"]
[Site "Taastrup"]
[Date "1998.??.??"]
[Round "5"]
[White "Grabow, Pouelsten Holm"]
[Black "Hoiberg, Nina"]
[Result "1-0"]
[WhiteElo "2240"]
[BlackElo "2290"]
[PlyCount "107"]
[EventDate "1998.??.??"]
[EventType "swiss"]
[EventRounds "7"]
[EventCountry "DEN"]
[Source "ChessBase"]
[SourceDate "1999.11.16"]

1. c4 e5 2. g3 Nc6 3. Bg2 d6 4. e3 f5 5. Ne2 Nf6 6. Nbc3 Be7 7. d3 O-O 8. O-O
Be6 9. b4 Qd7 10. b5 Nd8 11. a4 a5 12. Nd5 Rb8 13. Nxe7+ Qxe7 14. Ba3 b6 15.
Rc1 Qf7 16. Qc2 Qh5 17. d4 g5 18. f3 e4 19. d5 Bd7 20. Bb2 Nb7 21. fxe4 Rbe8
22. Bxf6 Rxf6 23. Nd4 Rh6 24. Bf3 g4 25. Bh1 fxe4 26. Rf4 Nc5 27. Rcf1 Nd3 28.
Rxe4 Rxe4 29. Bxe4 Ne5 30. Ne6 Nf3+ 31. Bxf3 gxf3 32. Nf4 Qe5 33. Qd2 Qe4 34.
Qd3 Bf5 35. Qxe4 Bxe4 36. h4 Rf6 37. Rf2 Rf7 38. Rd2 h6 39. Kf2 Kg7 40. Ne6+
Kg6 41. Nd8 Rf8 42. Ne6 Rf7 43. g4 Re7 44. Kg3 Rf7 45. Nf4+ Kf6 46. Nh3 Ke5 47.
Nf2 Rg7 48. Rd4 Bc2 49. Rf4 h5 50. Kxf3 hxg4+ 51. Nxg4+ Rxg4 52. Kxg4 Bxa4 53.
Rf7 Ke4 54. h5 1-0

[Event "Kandidatklassen"]
[Site "Taastrup"]
[Date "1998.??.??"]
[Round "3"]
[White "Grabow, Pouelsten Holm"]
[Black "Borbjerggaard, Lars"]
[Result "0-1"]
[WhiteElo "2240"]
[BlackElo "2360"]
[PlyCount "70"]
[EventDate "1998.??.??"]
[EventType "swiss"]
[EventRounds "7"]
[EventCountry "DEN"]
[Source "ChessBase"]
[SourceDate "1999.11.16"]

1. c4 Nf6 2. Nc3 g6 3. b4 a5 4. b5 Bg7 5. Bb2 b6 6. Nf3 Bb7 7. g3 O-O 8. Bg2 d6
9. O-O e5 10. d3 Nbd7 11. e4 Nc5 12. Bc1 Nfd7 13. Nd5 Ne6 14. Nh4 Ndc5 15. Be3
Kh8 16. Qd2 f5 17. exf5 gxf5 18. Bh6 f4 19. Bxg7+ Kxg7 20. Nf3 Bxd5 21. cxd5
Nd4 22. Nxd4 exd4 23. gxf4 Qh4 24. Rae1 Rf7 25. Kh1 Raf8 26. Be4 Qxf4 27. Rg1+
Kh8 28. Qxf4 Rxf4 29. f3 R4f7 30. Rc1 Na4 31. Rc4 Nc3 32. a4 Ne2 33. Re1 Nf4
34. Rec1 Rg8 35. Rxc7 Nh3 0-1

[Event "Kandidatklassen"]
[Site "Taastrup"]
[Date "1998.??.??"]
[Round "4"]
[White "Hansen, Lars"]
[Black "Jacobsen, Bo"]
[Result "0-1"]
[WhiteElo "2245"]
[BlackElo "2290"]
[PlyCount "81"]
[EventDate "1998.??.??"]
[EventType "swiss"]
[EventRounds "7"]
[EventCountry "DEN"]
[Source "ChessBase"]
[SourceDate "1999.11.16"]

1. e4 g6 2. d4 Bg7 3. Nf3 d6 4. c3 Nf6 5. Bd3 O-O 6. Bg5 Re8 7. O-O e5 8. dxe5
dxe5 9. Qc2 h6 10. Bh4 Nbd7 11. Rd1 g5 12. Bg3 Nh5 13. Na3 Nf4 14. Bf1 Qf6 15.
Nc4 Nf8 16. Ne3 N8g6 17. Rd2 c6 18. Nf5 Bf8 19. Bc4 b5 20. Bb3 a5 21. a4 bxa4
22. Rxa4 Ne6 23. Rc4 Nc5 24. Rxc5 Bxc5 25. Nxh6+ Kg7 26. Nxf7 g4 27. N3g5 Ra7
28. Qd1 a4 29. Bc4 a3 30. b4 Be7 31. h4 Nf4 32. h5 Rh8 33. Bh4 Rxh5 34. Ne6+
Qxe6 35. Bxe6 Bxe6 36. Bxe7 a2 37. Qa1 Rxe7 38. Nd8 Bb3 39. Nxc6 Rc7 40. Na5
Bg8 41. c4 0-1

[Event "Kandidatklassen"]
[Site "Taastrup"]
[Date "1998.??.??"]
[Round "2"]
[White "Hansen, Lars"]
[Black "Pedersen, Jan"]
[Result "0-1"]
[WhiteElo "2245"]
[BlackElo "2365"]
[PlyCount "76"]
[EventDate "1998.??.??"]
[EventType "swiss"]
[EventRounds "7"]
[EventCountry "DEN"]
[Source "ChessBase"]
[SourceDate "1999.11.16"]

1. d4 Nf6 2. Nf3 g6 3. c3 Bg7 4. Bg5 O-O 5. Nbd2 d5 6. e3 c6 7. Bd3 Qb6 8. Rb1
Bf5 9. Bxf5 gxf5 10. Bxf6 Bxf6 11. Qc2 e6 12. h3 Nd7 13. g4 Kh8 14. gxf5 Rg8
15. Nh2 e5 16. Ng4 e4 17. Nf1 Bh4 18. Ng3 Qc7 19. Qe2 Rg5 20. Rg1 h5 21. Nh2
Nf6 22. Kd2 Bxg3 23. fxg3 Rxg3 24. Rxg3 Qxg3 25. Rf1 Rg8 26. Qf2 Qxh3 27. Qf4
Rg2+ 28. Rf2 Rxf2+ 29. Qxf2 Ng4 30. Nxg4 Qxg4 31. f6 h4 32. Ke1 Qg3 33. Kf1
Qxf2+ 34. Kxf2 Kh7 35. Kg2 Kg6 36. Kh3 Kg5 37. b3 b5 38. a3 a6 0-1

[Event "Kandidatklassen"]
[Site "Taastrup"]
[Date "1998.??.??"]
[Round "7"]
[White "Hansen, Lars"]
[Black "Grabow, Pouelsten Holm"]
[Result "1-0"]
[WhiteElo "2245"]
[BlackElo "2240"]
[PlyCount "79"]
[EventDate "1998.??.??"]
[EventType "swiss"]
[EventRounds "7"]
[EventCountry "DEN"]
[Source "ChessBase"]
[SourceDate "1999.11.16"]

1. e4 e6 2. d4 d5 3. Nd2 Nf6 4. e5 Nfd7 5. Bd3 b6 6. Ngf3 Ba6 7. Bxa6 Nxa6 8.
O-O c5 9. c4 Nc7 10. cxd5 Nxd5 11. Ne4 h6 12. Be3 Rc8 13. Qa4 Nxe3 14. fxe3 Be7
15. Qxa7 O-O 16. Qa4 Rc7 17. Qb3 Qa8 18. Nc3 c4 19. Qb5 Qa5 20. a3 f6 21. exf6
Bxf6 22. Rac1 Rd8 23. Nd2 Bg5 24. Rf3 Ne5 25. dxe5 Qxb5 26. Nxb5 Rc5 27. Nd6
Rxe5 28. N2xc4 Rc5 29. Nb7 Rxc4 30. Rxc4 Rd1+ 31. Kf2 Rd2+ 32. Kg3 Rd7 33. Rc8+
Kh7 34. Nc5 bxc5 35. Rxc5 Rd2 36. b4 Be7 37. Rc4 Bd6+ 38. Kh3 g5 39. Rd4 g4+
40. Rxg4 1-0

[Event "Kandidatklassen"]
[Site "Taastrup"]
[Date "1998.??.??"]
[Round "1"]
[White "Hartvig, Ove Weiss"]
[Black "Hoiberg, Nina"]
[Result "1-0"]
[WhiteElo "2270"]
[BlackElo "2290"]
[PlyCount "73"]
[EventDate "1998.??.??"]
[EventType "swiss"]
[EventRounds "7"]
[EventCountry "DEN"]
[Source "ChessBase"]
[SourceDate "1999.11.16"]

1. e4 e5 2. d4 exd4 3. Qxd4 Nc6 4. Qe3 Bb4+ 5. Nc3 Nf6 6. Bd2 O-O 7. O-O-O Re8
8. Qg3 Nxe4 9. Nxe4 Rxe4 10. c3 Bd6 11. f4 Qf6 12. Nh3 b6 13. Bd3 Ra4 14. Kb1
Ba6 15. Bc2 Ra5 16. Ng5 h6 17. h4 Bc4 18. b3 Be6 19. Ne4 Qe7 20. Rhe1 Ba3 21.
f5 Bxf5 22. Bxh6 Bg6 23. Bg5 Qf8 24. h5 Bd6 25. Qh4 Bxe4 26. Bxe4 f6 27. Bc1
Re8 28. h6 Ree5 29. Bh7+ Kf7 30. Qg4 g5 31. Qh5+ Ke7 32. Qg6 Kd8 33. Qg7 Kc8
34. Rxe5 Rxe5 35. Bd3 Nd8 36. Ba6+ Nb7 37. Rxd6 1-0

[Event "Kandidatklassen"]
[Site "Taastrup"]
[Date "1998.??.??"]
[Round "6"]
[White "Hartvig, Ove Weiss"]
[Black "Borbjerggaard, Lars"]
[Result "1-0"]
[WhiteElo "2270"]
[BlackElo "2360"]
[PlyCount "81"]
[EventDate "1998.??.??"]
[EventType "swiss"]
[EventRounds "7"]
[EventCountry "DEN"]
[Source "ChessBase"]
[SourceDate "1999.11.16"]

1. e4 c6 2. d4 d5 3. e5 c5 4. dxc5 Nc6 5. Bb5 e6 6. Be3 Nge7 7. c3 Bd7 8. Bxc6
Nxc6 9. f4 g5 10. fxg5 Nxe5 11. Nf3 Nxf3+ 12. Qxf3 Bg7 13. O-O O-O 14. Na3 Bc6
15. Qf2 f5 16. gxf6 Rxf6 17. Qe2 Rg6 18. Rf2 e5 19. Nb5 d4 20. cxd4 exd4 21.
Nxd4 Be4 22. Rd1 Qe7 23. Nb5 Rf8 24. Rxf8+ Bxf8 25. Qc4+ Kh8 26. Qd4+ Kg8 27.
Qc4+ Kh8 28. Qd4+ Kg8 29. g3 Re6 30. Qc4 Kh8 31. Rd6 Bf5 32. Bd4+ Kg8 33. Qd5
Qf7 34. Rxe6 Qxe6 35. Qxe6+ Bxe6 36. Nxa7 Bd7 37. b4 Kf7 38. b5 Be6 39. c6 Bd6
40. cxb7 Bd5 41. Nc6 1-0

[Event "Kandidatklassen"]
[Site "Taastrup"]
[Date "1998.??.??"]
[Round "7"]
[White "Hartvig, Ove Weiss"]
[Black "Bromann, Thorbjorn"]
[Result "0-1"]
[WhiteElo "2270"]
[BlackElo "2245"]
[PlyCount "72"]
[EventDate "1998.??.??"]
[EventType "swiss"]
[EventRounds "7"]
[EventCountry "DEN"]
[Source "ChessBase"]
[SourceDate "1999.11.16"]

1. e4 e6 2. d3 d5 3. Nd2 c5 4. g3 Bd6 5. Bg2 Ne7 6. f4 f6 7. Qh5+ g6 8. Qe2
Nbc6 9. c3 O-O 10. h4 Bd7 11. h5 b5 12. Ndf3 Qc7 13. hxg6 hxg6 14. Bd2 b4 15.
Nh4 Rf7 16. exd5 exd5 17. Nxg6 Nxg6 18. Bxd5 Re8 19. Bxf7+ Kxf7 20. Rh7+ Kf8
21. Be3 Re7 22. Rxe7 Ncxe7 23. cxb4 cxb4 24. Rc1 Qa5 25. b3 Kg7 26. Bf2 Nd5 27.
Bd4 Nde7 28. Qb2 Qf5 29. Ne2 a5 30. g4 Qxg4 31. Bxf6+ Kf7 32. Rc4 Bb5 33. Re4
Bxd3 34. Rd4 Bxe2 35. Rxd6 Qxf4 36. Rd2 Qf1# 0-1

[Event "Kandidatklassen"]
[Site "Taastrup"]
[Date "1998.??.??"]
[Round "2"]
[White "Hartvig, Ove Weiss"]
[Black "Grabow, Pouelsten Holm"]
[Result "1-0"]
[WhiteElo "2270"]
[BlackElo "2240"]
[PlyCount "38"]
[EventDate "1998.??.??"]
[EventType "swiss"]
[EventRounds "7"]
[EventCountry "DEN"]
[Source "ChessBase"]
[SourceDate "1999.11.16"]

1. e4 e6 2. d3 d5 3. Nd2 b6 4. g3 Bb7 5. Bg2 Nd7 6. Ngf3 g6 7. O-O Bg7 8. exd5
Bxd5 9. c4 Bb7 10. d4 Ne7 11. Re1 O-O 12. Ne4 h6 13. Bd2 Nf5 14. Bc3 Re8 15.
Ne5 Rb8 16. Qa4 Nxd4 17. Nxd7 Bc6 18. Nef6+ Bxf6 19. Nxf6+ Qxf6 1-0

[Event "Kandidatklassen"]
[Site "Taastrup"]
[Date "1998.??.??"]
[Round "3"]
[White "Hoiberg, Nina"]
[Black "Friis, Carsten Bank"]
[Result "1/2-1/2"]
[WhiteElo "2290"]
[BlackElo "2285"]
[PlyCount "50"]
[EventDate "1998.??.??"]
[EventType "swiss"]
[EventRounds "7"]
[EventCountry "DEN"]
[Source "ChessBase"]
[SourceDate "1999.11.16"]

1. e4 c6 2. d4 d5 3. e5 Bf5 4. c4 dxc4 5. Bxc4 e6 6. Nc3 Nd7 7. Nge2 Nb6 8. Bb3
Ne7 9. Ng3 Bg6 10. Bg5 h6 11. Bh4 Qd7 12. O-O O-O-O 13. Nge4 Qxd4 14. Nd6+ Rxd6
15. exd6 Qxh4 16. dxe7 Bxe7 17. Qe2 Bh5 18. Qe4 Qxe4 19. Nxe4 Nd5 20. Rac1 Nf4
21. Ng3 Bg6 22. Bc2 Bxc2 23. Rxc2 Rd8 24. Ne2 Nd5 25. a3 a6 1/2-1/2

[Event "Kandidatklassen"]
[Site "Taastrup"]
[Date "1998.??.??"]
[Round "2"]
[White "Hoiberg, Nina"]
[Black "Husted, Peter"]
[Result "1-0"]
[WhiteElo "2290"]
[BlackElo "2160"]
[PlyCount "127"]
[EventDate "1998.??.??"]
[EventType "swiss"]
[EventRounds "7"]
[EventCountry "DEN"]
[Source "ChessBase"]
[SourceDate "1999.11.16"]

1. e4 c5 2. Nf3 Nc6 3. d4 cxd4 4. Nxd4 e6 5. Nc3 Qc7 6. Be2 a6 7. a4 Nf6 8. O-O
Bb4 9. Nxc6 dxc6 10. Qd4 Bd6 11. g3 e5 12. Qd3 Bh3 13. Rd1 O-O-O 14. Qe3 Qe7
15. Bd2 Bc5 16. Qf3 h6 17. Be1 Bd4 18. Rab1 Kb8 19. Qh1 Rd7 20. Bd3 Ng4 21. Rd2
Bxc3 22. bxc3 Rhd8 23. Qf3 Ka7 24. Qe2 c5 25. c4 Nf6 26. Rdd1 Rd6 27. f3 Be6
28. Ba5 Rc8 29. Bc3 Nd7 30. a5 f6 31. f4 g5 32. f5 Bf7 33. Rb3 Nb8 34. Rdb1 Rc7
35. Qe3 Rd8 36. Bb4 Ka8 37. Ba3 Rd4 38. Bb2 Bxc4 39. Bxc4 Rxc4 40. Bc3 Nc6 41.
Qe2 Ra4 42. Rb6 Ra3 43. Qc4 Ka7 44. Be1 Nd4 45. Qg8 Nc6 46. Qc4 Nxa5 47. Bxa5
Rxa5 48. Qc3 Ra4 49. Re6 Qd8 50. Kg2 Rxe4 51. Qa5 Rb4 52. Rxb4 cxb4 53. Qb6+
Kb8 54. Kh3 Qd1 55. Re8+ Rc8 56. Rxc8+ Kxc8 57. Qe6+ Kb8 58. Qxf6 Qf1+ 59. Kg4
Qc4+ 60. Kh5 e4 61. Qe5+ Ka7 62. f6 Qe2+ 63. Kxh6 Qxh2+ 64. Kg7 1-0

[Event "Kandidatklassen"]
[Site "Taastrup"]
[Date "1998.??.??"]
[Round "7"]
[White "Hoiberg, Nina"]
[Black "Jacobsen, Bo"]
[Result "1/2-1/2"]
[WhiteElo "2290"]
[BlackElo "2290"]
[PlyCount "128"]
[EventDate "1998.??.??"]
[EventType "swiss"]
[EventRounds "7"]
[EventCountry "DEN"]
[Source "ChessBase"]
[SourceDate "1999.11.16"]

1. e4 g6 2. d4 Bg7 3. Nc3 c6 4. Nf3 d6 5. h3 b5 6. Bd3 Qc7 7. O-O Nd7 8. d5 b4
9. dxc6 bxc3 10. cxd7+ Bxd7 11. b3 Nf6 12. Bf4 Nh5 13. Bh2 e5 14. Bc4 O-O 15.
Qd3 Bc6 16. Qxc3 Qb7 17. Nd2 Rad8 18. Rad1 Kh8 19. Bd5 Bxd5 20. exd5 Qxd5 21.
Nc4 Qe6 22. Rfe1 e4 23. Qa5 d5 24. Bd6 dxc4 25. Bxf8 Rxf8 26. Qxa7 Re8 27. Rd7
Kg8 28. Rc7 cxb3 29. cxb3 Bh6 30. Rc4 e3 31. fxe3 Bxe3+ 32. Rxe3 Qxe3+ 33. Qxe3
Rxe3 34. Kf2 Rd3 35. Ke2 Rg3 36. Rg4 f5 37. Rxg3 Nxg3+ 38. Ke3 g5 39. a4 Ne4
40. Kd4 Kf7 41. Ke5 Kg6 42. g4 Nc5 43. gxf5+ Kf7 44. a5 Nd3+ 45. Kd4 Nb4 46.
Kc4 Nc6 47. a6 h5 48. b4 g4 49. hxg4 h4 50. b5 h3 51. bxc6 h2 52. a7 h1=Q 53.
a8=Q Qc1+ 54. Kd5 Qd2+ 55. Kc5 Qc3+ 56. Kd6 Qd4+ 57. Kc7 Qe5+ 58. Kb7 Qb2+ 59.
Ka7 Qa3+ 60. Kb8 Qf8+ 61. Kb7 Qb4+ 62. Kc7 Qe7+ 63. Kc8 Qf8+ 64. Kb7 Qb4+
1/2-1/2

[Event "Kandidatklassen"]
[Site "Taastrup"]
[Date "1998.??.??"]
[Round "2"]
[White "Holmsgaard, Henrik"]
[Black "Jakobsen, Lars Veno"]
[Result "1-0"]
[WhiteElo "2330"]
[BlackElo "2340"]
[PlyCount "80"]
[EventDate "1998.??.??"]
[EventType "swiss"]
[EventRounds "7"]
[EventCountry "DEN"]
[Source "ChessBase"]
[SourceDate "1999.11.16"]

1. e4 c5 2. Nf3 e6 3. d4 cxd4 4. Nxd4 a6 5. Bd3 Qb6 6. Nb3 Qc7 7. O-O Nf6 8.
Nc3 d6 9. f4 Be7 10. Be3 Nc6 11. a4 b6 12. Qe2 Bb7 13. Rae1 Nb4 14. Kh1 O-O 15.
Nd4 Rac8 16. Rf3 Rfe8 17. Rh3 Bf8 18. Qf2 Nxd3 19. cxd3 Qd8 20. Qh4 g6 21. Rf1
Nh5 22. Qf2 Nf6 23. Qh4 Nh5 24. Qf2 Nf6 25. Qg3 Bg7 26. f5 e5 27. Nf3 d5 28.
Bg5 dxe4 29. dxe4 Qd3 30. Re1 Nxe4 31. Nxe4 Bxe4 32. Qh4 Bxf5 33. Qxh7+ Kf8 34.
Bh6 Bxh3 35. Bxg7+ Ke7 36. Qxh3 f6 37. Qh4 Rc6 38. Nxe5 Qd5 39. Nxc6+ Kd7 40.
Rxe8 Kxe8 1-0

[Event "Kandidatklassen"]
[Site "Taastrup"]
[Date "1998.??.??"]
[Round "5"]
[White "Holmsgaard, Henrik"]
[Black "Friis, Carsten Bank"]
[Result "1/2-1/2"]
[WhiteElo "2330"]
[BlackElo "2285"]
[PlyCount "95"]
[EventDate "1998.??.??"]
[EventType "swiss"]
[EventRounds "7"]
[EventCountry "DEN"]
[Source "ChessBase"]
[SourceDate "1999.11.16"]

1. e4 c6 2. d4 d5 3. e5 Bf5 4. Nf3 e6 5. Be2 h6 6. O-O Nd7 7. b3 c5 8. Bb2 Ne7
9. c4 dxc4 10. Bxc4 a6 11. Nbd2 Nc6 12. d5 exd5 13. Bxd5 Ndxe5 14. Nxe5 Qxd5
15. Nxc6 Qxc6 16. Re1+ Be6 17. Ne4 Rg8 18. Rc1 b6 19. f4 f5 20. Ng3 Kf7 21. Qe2
g6 22. Red1 c4 23. bxc4 Bb4 24. Kh1 Rad8 25. Qe5 Rxd1+ 26. Rxd1 Be7 27. Rc1 Qd6
28. Qe2 Qxf4 29. Re1 Qxc4 30. Qe5 Qd5 31. Qe2 b5 32. a3 Rc8 33. Rd1 Qc5 34. Re1
Qc4 35. Qe5 Rg8 36. Ne2 Qd5 37. Qc3 Qc4 38. Qe5 Qe4 39. Qc3 Qc4 40. Qe5 Qd5 41.
Qc3 Qc5 42. Qg3 Bg5 43. Nf4 Re8 44. Nd3 Qd5 45. Ne5+ Kg8 46. Nxg6 Kh7 47. Nf4
Qc4 48. Nh3 1/2-1/2

[Event "Kandidatklassen"]
[Site "Taastrup"]
[Date "1998.??.??"]
[Round "4"]
[White "Holmsgaard, Henrik"]
[Black "Grabow, Pouelsten Holm"]
[Result "1/2-1/2"]
[WhiteElo "2330"]
[BlackElo "2240"]
[PlyCount "86"]
[EventDate "1998.??.??"]
[EventType "swiss"]
[EventRounds "7"]
[EventCountry "DEN"]
[Source "ChessBase"]
[SourceDate "1999.11.16"]

1. e4 e6 2. d3 d5 3. Qe2 Nf6 4. Nf3 Be7 5. g3 b6 6. e5 Nfd7 7. Bg2 c5 8. c4 Bb7
9. Nc3 d4 10. Ne4 h6 11. h4 Nc6 12. Bf4 Nf8 13. h5 Qd7 14. g4 Nh7 15. O-O-O
O-O-O 16. Rde1 Rde8 17. Rhg1 Qd8 18. Qd2 a6 19. Kb1 Kb8 20. Bf1 Ka7 21. Qc1 Nb8
22. Bg2 Nd7 23. Bh1 Qa8 24. Qd1 Bc6 25. g5 hxg5 26. Nexg5 Nxg5 27. Nxg5 Bxh1
28. Rxh1 Bxg5 29. Bxg5 Qc6 30. Qe2 b5 31. cxb5 axb5 32. Rc1 Qd5 33. Bf4 Kb6 34.
Rhg1 Rh7 35. b3 Reh8 36. Rg5 Qc6 37. Qg4 f5 38. Qe2 Qd5 39. Rcg1 Kc6 40. Kb2
Nb6 41. Rc1 Rc8 42. Bd2 Kb7 43. Ba5 Nd7 1/2-1/2

[Event "Kandidatklassen"]
[Site "Taastrup"]
[Date "1998.??.??"]
[Round "3"]
[White "Husted, Peter"]
[Black "Hansen, Lars"]
[Result "0-1"]
[WhiteElo "2160"]
[BlackElo "2245"]
[PlyCount "57"]
[EventDate "1998.??.??"]
[EventType "swiss"]
[EventRounds "7"]
[EventCountry "DEN"]
[Source "ChessBase"]
[SourceDate "1999.11.16"]

1. e4 g6 2. d4 Bg7 3. c3 d6 4. f4 c5 5. dxc5 Nf6 6. Nf3 O-O 7. Bd3 dxc5 8. e5
Ng4 9. O-O Qb6 10. c4 Nc6 11. Nc3 Nb4 12. Be4 f5 13. Bb1 Rd8 14. Qe2 Be6 15. h3
Nh6 16. b3 Qa5 17. Ng5 Bd7 18. Bb2 e6 19. Qf2 Nf7 20. Nxf7 Kxf7 21. a3 Na6 22.
Bc2 Bc6 23. Rad1 Rxd1 24. Rxd1 Rd8 25. Qh4 Rxd1+ 26. Bxd1 Qc7 27. Qxh7 Qd8 28.
Nd5 Bxd5 29. cxd5 0-1

[Event "Kandidatklassen"]
[Site "Taastrup"]
[Date "1998.??.??"]
[Round "5"]
[White "Husted, Peter"]
[Black "Bromann, Thorbjorn"]
[Result "0-1"]
[WhiteElo "2160"]
[BlackElo "2245"]
[PlyCount "176"]
[EventDate "1998.??.??"]
[EventType "swiss"]
[EventRounds "7"]
[EventCountry "DEN"]
[Source "ChessBase"]
[SourceDate "1999.11.16"]

1. e4 e6 2. d4 d5 3. Nd2 dxe4 4. Nxe4 Nd7 5. Nf3 Ngf6 6. Nxf6+ Nxf6 7. Bg5 h6
8. Bh4 Be7 9. Bd3 b6 10. Qe2 Bb7 11. O-O-O Qd5 12. Kb1 Qh5 13. Bxf6 Bxf6 14.
Be4 Bxe4 15. Qxe4 Qd5 16. Qxd5 exd5 17. c3 Kd7 18. Kc2 Kd6 19. Rhe1 Rhe8 20.
Kd3 c5 21. b3 Re6 22. Rxe6+ fxe6 23. Re1 Rf8 24. Re3 a5 25. a4 Rc8 26. Re1 Re8
27. h3 Kc6 28. Ne5+ Bxe5 29. Rxe5 Kd6 30. f4 Rf8 31. Ke3 cxd4+ 32. cxd4 b5 33.
axb5 Rb8 34. Kd3 Rxb5 35. Kc3 Rb7 36. h4 Rf7 37. g3 g6 38. Re1 Rc7+ 39. Kb2 Ra7
40. Ra1 Kc6 41. Rc1+ Kd7 42. Ra1 Kc6 43. Ka3 Rb7 44. Rc1+ Kd6 45. Rc8 Ke7 46.
Rh8 Kf6 47. Rf8+ Kg7 48. Ra8 Rb4 49. Rxa5 Rxd4 50. b4 g5 51. b5 gxh4 52. b6 Rd1
53. Kb2 hxg3 54. Ra3 Rd2+ 55. Kc1 Rd4 56. Rxg3+ Kh7 57. Rb3 Rc4+ 58. Kd2 Rc8
59. b7 Rb8 60. Rb6 Kg7 61. Ke3 Kf6 62. Kd4 Kf5 63. Kc5 h5 64. Kd6 Kxf4 65. Kc7
Re8 66. b8=Q Rxb8 67. Rxb8 d4 68. Kc6 d3 69. Kc5 d2 70. Rd8 Ke3 71. Rd6 e5 72.
Rd5 e4 73. Rd4 h4 74. Kd5 h3 75. Rxe4+ Kd3 76. Rd4+ Kc3 77. Rc4+ Kb3 78. Rd4 h2
79. Rxd2 h1=Q+ 80. Kd4 Qh4+ 81. Kd3 Qc4+ 82. Ke3 Kc3 83. Rg2 Qe6+ 84. Kf4 Kd3
85. Rg3+ Kd4 86. Rg5 Qf6+ 87. Rf5 Qh4+ 88. Kf3 Qe4+ 0-1

[Event "Kandidatklassen"]
[Site "Taastrup"]
[Date "1998.??.??"]
[Round "5"]
[White "Jacobsen, Bo"]
[Black "Jakobsen, Lars Veno"]
[Result "0-1"]
[WhiteElo "2290"]
[BlackElo "2340"]
[PlyCount "70"]
[EventDate "1998.??.??"]
[EventType "swiss"]
[EventRounds "7"]
[EventCountry "DEN"]
[Source "ChessBase"]
[SourceDate "1999.11.16"]

1. g3 g6 2. Bg2 Bg7 3. c4 c6 4. Nc3 Nf6 5. e4 e5 6. Nf3 d6 7. O-O O-O 8. d4
exd4 9. Nxd4 Nbd7 10. h3 a5 11. Be3 Nc5 12. Qc2 Re8 13. Rfe1 Qe7 14. f3 Qf8 15.
Rad1 Be6 16. b3 Rad8 17. Nxe6 Nxe6 18. Bb6 Ra8 19. Bf2 Nd7 20. f4 Nec5 21. Qd2
Rad8 22. Bd4 Ne6 23. Bxg7 Qxg7 24. Na4 Ndc5 25. Nxc5 dxc5 26. Qxa5 Qb2 27. f5
gxf5 28. exf5 Rxd1 29. Rxd1 Nd4 30. f6 h6 31. Qxc5 Re2 32. Bf1 Rd2 33. Re1 Ne2+
34. Kf2 Qxf6+ 35. Ke3 Qc3+ 0-1

[Event "Kandidatklassen"]
[Site "Taastrup"]
[Date "1998.??.??"]
[Round "3"]
[White "Jacobsen, Bo"]
[Black "Bromann, Thorbjorn"]
[Result "1/2-1/2"]
[WhiteElo "2290"]
[BlackElo "2245"]
[PlyCount "88"]
[EventDate "1998.??.??"]
[EventType "swiss"]
[EventRounds "7"]
[EventCountry "DEN"]
[Source "ChessBase"]
[SourceDate "1999.11.16"]

1. c4 e5 2. g3 Nf6 3. Bg2 d5 4. cxd5 Nxd5 5. Nc3 Nb6 6. d3 Be7 7. Be3 O-O 8.
Rc1 f5 9. Nf3 Nc6 10. b4 Bxb4 11. Qb3+ Qd5 12. Qxb4 Nxb4 13. Nxd5 N6xd5 14.
Nxe5 Nxe3 15. fxe3 c6 16. a3 Na6 17. Rb1 Rb8 18. Kf2 Be6 19. Rhc1 Nc7 20. a4
Rfe8 21. Nc4 Bxc4 22. Rxc4 Ne6 23. a5 a6 24. Rcb4 Nd8 25. d4 Re7 26. d5 Rc8 27.
dxc6 Nxc6 28. Rxb7 Rxb7 29. Rxb7 Ne5 30. Rb6 Ng4+ 31. Kf3 Nxh2+ 32. Kf4 Rc5 33.
Rxa6 h6 34. e4 g5+ 35. Ke3 Rc3+ 36. Kd4 Rxg3 37. Bh1 Rg1 38. Rxh6 Rxh1 39. Rg6+
Kf7 40. exf5 Ra1 41. a6 g4 42. Ke5 Nf3+ 43. Kf4 Ra4+ 44. e4 Nd2 1/2-1/2

[Event "Kandidatklassen"]
[Site "Taastrup"]
[Date "1998.??.??"]
[Round "7"]
[White "Jakobsen, Lars Veno"]
[Black "El Kher, Henrik"]
[Result "1/2-1/2"]
[WhiteElo "2340"]
[BlackElo "2285"]
[PlyCount "57"]
[EventDate "1998.??.??"]
[EventType "swiss"]
[EventRounds "7"]
[EventCountry "DEN"]
[Source "ChessBase"]
[SourceDate "1999.11.16"]

1. d4 Nf6 2. c4 g6 3. Nc3 d5 4. Nf3 Bg7 5. Qb3 dxc4 6. Qxc4 O-O 7. e4 Na6 8.
Be2 c5 9. d5 e6 10. O-O exd5 11. exd5 Bf5 12. Be3 Re8 13. Rad1 Ne4 14. Na4 Rb8
15. Qc1 Qa5 16. Bxa6 bxa6 17. b3 Rec8 18. Nd2 Nxd2 19. Qxd2 Qxd2 20. Rxd2 c4
21. bxc4 Rxc4 22. Nc5 Bc3 23. Rdd1 Bc2 24. Rc1 Bb2 25. d6 Bxc1 26. Rxc1 Rd8 27.
d7 Rxc5 28. Bxc5 Rxd7 29. Bxa7 1/2-1/2

[Event "Kandidatklassen"]
[Site "Taastrup"]
[Date "1998.??.??"]
[Round "3"]
[White "Jakobsen, Lars Veno"]
[Black "Larsen, Peter"]
[Result "1-0"]
[WhiteElo "2340"]
[BlackElo "2275"]
[PlyCount "63"]
[EventDate "1998.??.??"]
[EventType "swiss"]
[EventRounds "7"]
[EventCountry "DEN"]
[Source "ChessBase"]
[SourceDate "1999.11.16"]

1. d4 f5 2. g3 Nf6 3. Bg2 g6 4. c3 d6 5. Nf3 c6 6. Qb3 Bg7 7. Nbd2 Qb6 8. O-O
Qxb3 9. axb3 O-O 10. Nc4 Na6 11. b4 Nc7 12. Re1 Be6 13. Na5 Rab8 14. Nd2 a6 15.
e4 fxe4 16. Nxe4 Bd5 17. Bd2 Nxe4 18. Bxe4 Bxe4 19. Rxe4 e5 20. dxe5 Bxe5 21.
Rae1 Nb5 22. Bh6 Bg7 23. Bf4 Bf6 24. Re6 Bd8 25. Bh6 Bxa5 26. Bxf8 Bxb4 27. Bh6
Bc5 28. b4 Bb6 29. Re7 Nxc3 30. Rg7+ Kh8 31. Rxb7 Rxb7 32. Re8# 1-0

[Event "Kandidatklassen"]
[Site "Taastrup"]
[Date "1998.??.??"]
[Round "1"]
[White "Jakobsen, Lars Veno"]
[Black "Pedersen, Jan"]
[Result "1/2-1/2"]
[WhiteElo "2340"]
[BlackElo "2365"]
[PlyCount "76"]
[EventDate "1998.??.??"]
[EventType "swiss"]
[EventRounds "7"]
[EventCountry "DEN"]
[Source "ChessBase"]
[SourceDate "1999.11.16"]

1. d4 g6 2. c4 Bg7 3. e4 d6 4. Nc3 Nf6 5. f3 O-O 6. Bg5 c6 7. Qd2 a6 8. Bd3 e5
9. d5 h6 10. Be3 Kh7 11. Nge2 Nbd7 12. g4 cxd5 13. cxd5 b5 14. Ng3 Nc5 15. Bc2
Bd7 16. O-O Ng8 17. b4 Na4 18. Nxa4 bxa4 19. Bd3 Bf6 20. Rfc1 Bg5 21. Bxg5 hxg5
22. Kg2 f6 23. Qe3 Qb8 24. a3 Ne7 25. Rh1 Kg7 26. Rhc1 Qb7 27. Rc3 Rfc8 28.
Rac1 Rxc3 29. Rxc3 Rc8 30. Ne2 Bb5 31. Rxc8 Nxc8 32. Nc3 Bxd3 33. Qxd3 Nb6 34.
Nd1 Qc8 35. Qc3 Qc4 36. Kf2 Kf7 37. Qe3 Qc2+ 38. Kg3 Qxd1 1/2-1/2

[Event "Kandidatklassen"]
[Site "Taastrup"]
[Date "1998.??.??"]
[Round "1"]
[White "Larsen, Peter"]
[Black "Jacobsen, Bo"]
[Result "1/2-1/2"]
[WhiteElo "2275"]
[BlackElo "2290"]
[PlyCount "135"]
[EventDate "1998.??.??"]
[EventType "swiss"]
[EventRounds "7"]
[EventCountry "DEN"]
[Source "ChessBase"]
[SourceDate "1999.11.16"]

1. d4 Nf6 2. c4 c5 3. d5 e5 4. dxe6 fxe6 5. Bg5 Be7 6. Nc3 O-O 7. e4 Nc6 8. Be3
Qb6 9. Rb1 Kh8 10. f4 d5 11. e5 Ng8 12. Bd2 d4 13. Ne4 g5 14. Qh5 gxf4 15. Nf3
Rf5 16. Qh3 Qc7 17. Bd3 Nxe5 18. Nxe5 Qxe5 19. O-O Qg7 20. Kh1 e5 21. Nd6 Rf8
22. Nxc8 Raxc8 23. g3 Nf6 24. Bf5 Rc6 25. Rbe1 Rb6 26. b3 Ra6 27. gxf4 Rxa2 28.
Rg1 Qf7 29. fxe5 Rxd2 30. exf6 Bxf6 31. Be4 Be5 32. Rg2 Rxg2 33. Qxg2 Qh5 34.
Rg1 b6 35. Bd5 h6 36. h3 a6 37. Qg4 Qxg4 38. Rxg4 b5 39. Rg6 bxc4 40. Bxc4 a5
41. Rxh6+ Kg7 42. Ra6 Bf4 43. Rxa5 Bd6 44. Ra7+ Kh6 45. Ra6 Rf6 46. Kg2 Kg5 47.
Ra8 Kf4 48. Re8 Rg6+ 49. Kf2 Rg7 50. Rd8 Be7 51. Rg8 Bh4+ 52. Ke2 Re7+ 53. Kd1
Ke3 54. Rh8 Bg3 55. Rh5 Ra7 56. Rd5 Ra1+ 57. Kc2 Ra2+ 58. Kc1 Rh2 59. Rxc5 Rh1+
60. Kc2 Rh2+ 61. Kc1 d3 62. Rd5 d2+ 63. Kc2 Bf4 64. Rd3+ Kf2 65. Rxd2+ Bxd2 66.
Kxd2 Rxh3 67. Bd5 Rxb3 68. Bxb3 1/2-1/2